000 01260cam a2200325 i 4500
001 14859171
003 EG-ScBUE
005 20250618082431.0
008 070521s2007 enka f 001 0 eng d
020 _a0521852498
020 _a9780521852494 (hardback)
040 _aDLC
_beng
_erda
_cDLC
_dDLC
_dEG-ScBUE
082 0 4 _a539.72
_222
_bCOT
100 1 _aCottingham, W. N.,
_eauthor.
245 1 3 _aAn introduction to the standard model of particle physics /
_cW. N. Cottingham and D. A. Greenwood, University of Bristol, UK.
246 3 0 _aStandard model of particle physics
250 _aSecond edition.
264 1 _aCambridge ;
_aNew York :
_bCambridge University Press,
_c2007.
300 _axix, 272 pages :
_billustrations ;
_c26 cm
336 _2rdacontent
_atext
_btxt
337 _aunmediated
_2rdamedia
_bn
338 _avolume
_bnc
_2rdacarrier
500 _aIncludes index.
650 7 _aStandard model (Nuclear physics)
_2BUEsh
655 _vReading book
700 1 _aGreenwood, D. A.,
_eauthor.
856 4 1 _3Table of contents only
_uhttp://www.loc.gov/catdir/toc/fy0712/2007274540.html
942 _2ddc
_cBB
999 _c10815
_d10815